000 00692nam a2200253Ia 4500
003 OSt
005 20221005084415.0
006 a|||||r|||| 00| 0
007 ta
008 221004b |||||||| |||| 00| 0 eng d
020 _a0122904508
024 _a103471
037 _cTextual
040 _aCRL
_cCRL
_beng
041 _2eng
_aeng
082 _aC28:58, L6
100 _aGoodman Frank O.
_9613291
245 0 _aDynamics of gas-surface scattering
260 _aNew York
_bAcademic Press USA
_c1976
300 _a327p.
_ccm.
700 _a Wachman Harold Y
_9613292
942 _hC28:58, L6
_cTEXL
_2cc
999 _c992553
_d992553